|
|
|
|
| LEADER |
01508nam a2200397 a 4500 |
| 001 |
000723369 |
| 003 |
CZ BrMZK |
| 005 |
20191025135820.0 |
| 007 |
ta |
| 008 |
040628s2003 xr a e f 001 0 cze |
| 015 |
|
|
|a cnb001252681
|
| 020 |
|
|
|a 80-7181-721-X
|q (brož.)
|
| 035 |
|
|
|a (OCoLC)76652879
|
| 040 |
|
|
|a OSA001
|b cze
|d BOA001
|d ABA001
|
| 041 |
1 |
|
|a cze
|h ger
|
| 072 |
|
7 |
|a 641
|x Kuchařství. Potraviny. Vařená jídla
|2 Konspekt
|9 19
|
| 080 |
|
|
|a 641.55:637.56
|2 MRF
|
| 080 |
|
|
|a 639.22/.29
|2 MRF
|
| 080 |
|
|
|a (083.12)
|2 MRF
|
| 100 |
1 |
|
|a Adam, Cornelia
|7 mzk2002164317
|4 aut
|
| 245 |
1 |
0 |
|a Mořské speciality :
|b chutné a zdravé pokrmy z ryb a plodů moře /
|c Cornelia Adam ; [z německého originálu ... přeložil Pavel Dan]
|
| 250 |
|
|
|a České vyd. v Ottově nakl. 1.
|
| 260 |
|
|
|a Praha :
|b Cesty,
|c 2003
|
| 300 |
|
|
|a 64 s. :
|b barev. il. ;
|c 20 cm
|
| 490 |
1 |
|
|a Vaříme s potěšením
|
| 500 |
|
|
|a Název a podnázev z obálky
|
| 504 |
|
|
|a Obsahuje rejstřík
|
| 650 |
0 |
7 |
|a rybí jídla
|7 ph116095
|2 czenas
|
| 650 |
0 |
7 |
|a mořské plody
|7 ph137482
|2 czenas
|
| 655 |
|
7 |
|a kuchařské recepty
|7 fd132687
|2 czenas
|
| 765 |
0 |
|
|t Fisch und Meeresfrüchte
|9 Česky
|
| 830 |
|
0 |
|a Vaříme s potěšením
|0 s
|
| 856 |
4 |
1 |
|u http://www.digitalniknihovna.cz/mzk/uuid/uuid:a3949660-6b2a-11e4-8991-005056827e51
|y Digitalizovaný dokument
|x NDK
|
| 910 |
|
|
|a BOA001
|b 2-1122.482
|
| 990 |
|
|
|a BK
|
| 996 |
6 |
|
|b 2610223207
|c 2-1122.482
|l MZK
|r Sklad / do 1 hodiny
|n 1
|p p.v.
|w 000723369
|u 000010
|a 1
|e BOA001
|j MZK50
|s P
|